Представление документа в формате RUSMARC

ПолеНазваниеЗначение
  Тип записи a
  Библиографический уровень c
001 Контрольный номер RU/IS/BASE/244044858
005 Дата корректировки 20240112124455.4
010 Индекс ISBN __
d Цена 0-40
101 Язык документа 0_
a Язык текста rus
c Язык оригинала rus
200 Заглавие и сведения об ответственности 1_
a Заглавие Севастопольские рассказы
e Сведения, относящиеся к заглавию для детей сред. шк. возраста
f Первые сведения об ответственности Л. Н. Толстой ; предисл. Е. Тарле ; рис. А. Кокорина
b Общее обозначение материала Текст
210 Выходные данные 1_
a Место издания Л.
c Издательство Дет. лит.
d Дата издания 1975
215 Физическое описание __
a Объем 125 с.
c Иллюстрации/тип воспроизводства ил.
606 Тематические рубрики __
a Основная рубрика Художественная литература
z Хронологическая подрубрика 19 в.
y Географическая подрубрика Россия; Севастополь
606 Тематические рубрики __
a Основная рубрика Русская литература XIX в. (произведения)
610 Ключевые слова 0_
a Ключевые слова детская литература; рассказы; Крымская война; войны; патриотизм; тема патриотизма; тема войны
686 Индексы других классификаций __
a Классификационный индекс ст84(2Рос=Рус)1-4
700 Автор _1
a Фамилия Толстой
b Имя Л. Н.
4 Код отношения 070
702 Вторичная интеллектуальная ответственность _1
a Фамилия Тарле
b Имя Е.
4 Код отношения Автор предисловия и т.д.
4 Код отношения 080
702 Вторичная интеллектуальная ответственность _1
a Фамилия Кокорин
b Имя А.
4 Код отношения Художник
4 Код отношения 040
801 Источник записи _0
a Страна RU
b Организация Муниципальное бюджетное учреждение культуры "Централизованная библиотечная система" г. Сургут (Центральная городская библиотека им. А. С. Пушкина)
g Правила каталогизации ЦДБ/Симакова
801 Источник записи _1
a Страна RU
b Организация Муниципальное бюджетное учреждение культуры "Централизованная библиотечная система" г. Сургут (Центральная городская библиотека им. А. С. Пушкина)
g Правила каталогизации ЦДБ/Симакова
852 Данные о местонахождении __
j Шифр хранения ст84(2Рос=Рус)1-4
c Каталожный индекс ст84(2Рос=Рус)1-4
i Авторский знак Т 52
p Инвентарный номер 12171(с4); 12899(с4)
901 Тип документа 1_
t Тип документа x
903 Характеристики (МАРС) __
a Дата передачи 20070925
969 Тип издания __
a Тип издания сборник
990 Данные о заказе (DOS) __
j Количество экземпляров (DOS) 1
t N записи в КСУ для И/У (DOS) 199101